Music Quiz

Random Music or Lyrics Quiz
Score 0/15 Timer 08:00
0 Plays Today
% Correct
How many seas must the white dove sail before she sleeps in the sand?
92%
And you put the load right on me
89.7%
You'll see my smile looks out of place
87.4%
1-2-3 kick, 1-2-3 jump
84.6%
He doesn't smoke the same cigarettes as me
82.3%
Now I've been waiting to show her
77.1%
When I kissed you and called you sweetheart
75.4%
But that don't right the wrong that's been done
73.7%
% Correct
Different strokes for different folks
70.9%
You gave me when you said goodbye
70.3%
One of sixteen Vestal Virgins who were leaving for the coast
69.1%
Turn his back on his best friend if he put her down
68%
Mostly say hooray for our side
68%
I fell in love and my love still grows
67.4%
So afraid that others knew I had no name
61.1%
Remove Ads.
Support Sporcle.
Get the best of Sporcle when you Go Orange. This ad-free experience offers more features, more stats, and more fun while also helping to support Sporcle. Thank you for becoming a member.

You're not logged in!

Compare scores with friends on all Sporcle quizzes.
OR
Log In

Show Comments

Extras

Top Quizzes Today


Score Distribution

Your Account Isn't Verified!

In order to create a playlist on Sporcle, you need to verify the email address you used during registration. Go to your Sporcle Settings to finish the process.

Report this User

Report this user for behavior that violates our Community Guidelines.

Details: